Invisible I #1 / by Melissa Kantor ; [interior ... Read More
Available copies
- 1 of 1 copy available at LARL/NWRL Consortium.
Current holds
0 current holds with 1 total copy.
Show Only Available Copies
| Location | Call Number / Copy Notes | Barcode | Shelving Location | Status | Due Date |
|---|---|---|---|---|---|
| Godel Memorial-Warren Library | ya KAN (Text) | 35500004695571 | Main | Available | - |
Record details
- ISBN: 9780061742125 (trade bdg.)
- ISBN: 0061742120 (trade bdg.)
- Physical Description: 292 p. : ill. ; 22 cm.
- Edition: 1st ed.
- Publisher: New York : Harper Teen, c2009.
Content descriptions
| General Note: | "Fourth Story Media." |
| Summary, etc.: | When new and unconventional high school student ... Read More |
Search for related items by subject
| Subject: | Missing children > Fiction. High schools > Fiction. Schools > Fiction. |
| Genre: | Detective and mystery stories. |
Search for related items by series
| LDR | 01383cam a22003378a 4500 | ||
|---|---|---|---|
| 001 | 119360 | ||
| 003 | LARL_NWRL_CONSORTIUM | ||
| 005 | 20091001070239.0 | ||
| 008 | 090706s2009 nyu j 000 1 eng | ||
| 020 | . | ‡a9780061742125 (trade bdg.) | |
| 020 | . | ‡a0061742120 (trade bdg.) | |
| 035 | . | ‡a(OCoLC)310399101 | |
| 042 | . | ‡alcac | |
| 082 | 1 | 4. | ‡a[Fic] ‡222 |
| 100 | 1 | . | ‡aKantor, Melissa. ‡0(LARL_NWRL_CONSORTIUM)192651 |
| 245 | 1 | 0. | ‡aInvisible I ‡n#1 / ‡cby Melissa Kantor ; [interior illustrations by Brian Floca]. |
| 250 | . | ‡a1st ed. | |
| 260 | . | ‡aNew York : ‡bHarper Teen, ‡cc2009. | |
| 300 | . | ‡a292 p. : ‡bill. ; ‡c22 cm. | |
| 490 | 0 | . | ‡aAmanda project ; ‡vbk. 1. |
| 500 | . | ‡a"Fourth Story Media." | |
| 520 | . | ‡aWhen new and unconventional high school student Amanda Valentino disappears, her three closest friends, who are all from vastly different circles, band together and, using enigmatic clues that seem to come from Amanda herself, try to find her. | |
| 650 | 0. | ‡aMissing children ‡vFiction. ‡0(LARL_NWRL_CONSORTIUM)166118 | |
| 650 | 0. | ‡aHigh schools ‡vFiction. ‡0(LARL_NWRL_CONSORTIUM)169592 | |
| 650 | 0. | ‡aSchools ‡vFiction. ‡0(LARL_NWRL_CONSORTIUM)167222 | |
| 655 | 0. | ‡aDetective and mystery stories. | |
| 901 | . | ‡a119360 ‡bISxN ‡c119360 ‡tbiblio | |

Add to basket
Permalink
Disable Highlighting